The modern magazine : (Record no. 28961)

MARC details
000 -LEADER
fixed length control field 01248pam a2200385 i 4500
001 - CONTROL NUMBER
control field 016454288
003 - CONTROL NUMBER IDENTIFIER
control field EG-ScBUE
005 - DATE AND TIME OF LATEST TRANSACTION
control field 20201019150543.0
008 - FIXED-LENGTH DATA ELEMENTS--GENERAL INFORMATION
fixed length control field 130527t2013 enka f 001 0 eng d
020 ## - INTERNATIONAL STANDARD BOOK NUMBER
International Standard Book Number 9781780672984 (hbk.)
035 ## - SYSTEM CONTROL NUMBER
System control number (UkOxU)019655029
035 ## - SYSTEM CONTROL NUMBER
System control number (Uk)016454288
035 ## - SYSTEM CONTROL NUMBER
System control number (StEdALDL)1/3068416
040 ## - CATALOGING SOURCE
Original cataloging agency StDuBDS
Language of cataloging eng
Description conventions rda
Transcribing agency StDuBDS
Modifying agency UkOxU
-- Uk
-- EG-ScBUE
082 04 - DEWEY DECIMAL CLASSIFICATION NUMBER
Classification number 741.652
Item number LES
Edition number 22
100 1# - MAIN ENTRY--PERSONAL NAME
Personal name Leslie, Jeremy,
Relator term author.
245 14 - TITLE STATEMENT
Title The modern magazine :
Remainder of title visual journalism in the digital era /
Statement of responsibility, etc Jeremy Leslie.
264 #1 - PUBLICATION, DISTRIBUTION, ETC. (IMPRINT)
Place of publication, distribution, etc London :
Name of publisher, distributor, etc Laurence King Publishing,
Date of publication, distribution, etc 2013.
264 #4 - PUBLICATION, DISTRIBUTION, ETC. (IMPRINT)
Date of publication, distribution, etc ©2013
300 ## - PHYSICAL DESCRIPTION
Extent 240 pages :
Other physical details illustrations (chiefly colour) ;
Dimensions 28 cm
336 ## - CONTENT TYPE
Content type term text
Source rdacontent
Content type code txt
336 ## - CONTENT TYPE
Content type term still image
Source rdacontent
Content type code txt
337 ## - MEDIA TYPE
Media type term unmediated
Source rdamedia
Media type code n
338 ## - CARRIER TYPE
Carrier type term volume
Source rdacarrier
Carrier type code nc
500 ## - GENERAL NOTE
General note Includes index.
500 ## - GENERAL NOTE
General note Formerly CIP.
Institution to which field applies Uk
650 #7 - SUBJECT ADDED ENTRY--TOPICAL TERM
Topical term or geographic name as entry element Magazine design.
Source of heading or term BUEsh
650 #7 - SUBJECT ADDED ENTRY--TOPICAL TERM
Topical term or geographic name as entry element Periodicals
General subdivision Format.
Source of heading or term BUEsh
650 #7 - SUBJECT ADDED ENTRY--TOPICAL TERM
Topical term or geographic name as entry element Desktop publishing.
Source of heading or term BUEsh
9 (RLIN) 40806
650 #7 - SUBJECT ADDED ENTRY--TOPICAL TERM
Topical term or geographic name as entry element Digital media.
Source of heading or term BUEsh
653 ## - INDEX TERM--UNCONTROLLED
Resource For college Generalities
Arrived date list October2020
655 ## - INDEX TERM--GENRE/FORM
Form subdivision Reading book
9 (RLIN) 34232
942 ## - ADDED ENTRY ELEMENTS (KOHA)
Source of classification or shelving scheme Dewey Decimal Classification
Koha item type Book - Borrowing
Holdings
Withdrawn status Lost status Source of classification or shelving scheme Damaged status Not for loan Collection code Home library Current library Shelving location Date acquired Source of acquisition Total Checkouts Total Renewals Full call number Barcode Date last seen Date checked out Price effective from Koha item type
    Dewey Decimal Classification     Baccah Central Library Central Library Second Floor 19/10/2020 Purchase 1 4 741.652 LES 000050000 15/07/2025 02/01/2022 19/10/2020 Book - Borrowing